Colorless tsukuru tazaki and his years of pilgrimage /

"The new novel--a book that sold more than a million copies the first week it went on sale in Japan--from the internationally acclaimed author, his first since IQ84"--

Podrobná bibliografie
Hlavní autor: Murakami, Haruki, 1949- (Autor)
Další autoři: Gabriel, Philip, 1953- (Překladatel)
Médium: Kniha
Jazyk:English
Vydáno: London : Vintage Books, 2014.
Témata:
Classic Catalogue: View this record in Classic Catalogue
LEADER 01821nam a2200397 i 4500
001 44490
003 BD-DhAAL
005 20250723181632.0
008 250723t2014 enk 000 1 eng
010 |a  2014010404 
020 |a 9780099590378 
035 |a 18069711 
040 |a DLC  |b eng  |e rda  |c DLC  |d DLC  |d BD-DhAAL 
041 1 |a eng  |h jap 
042 |a pcc 
050 0 0 |a PL856.U673  |b S5513 2014 
082 0 0 |a 895.635  |2 23 
084 |a FIC019000  |a FIC043000  |a FIC009010  |2 bisacsh 
100 1 |a Murakami, Haruki,  |d 1949-  |e author. 
240 1 0 |a Shikisai o motanai Tazaki Tsukuru to kare no junrei no toshi.  |l English 
245 1 0 |a Colorless tsukuru tazaki and his years of pilgrimage /  |c Haruki Murakami ; translated from the Japanese by Philip Gabriel. 
260 |a London :  |b Vintage Books,  |c 2014. 
300 |a 386 pages ;  |c 19 cm 
500 |a a novel 
520 |a "The new novel--a book that sold more than a million copies the first week it went on sale in Japan--from the internationally acclaimed author, his first since IQ84"-- 
541 |a Donated by Farhana Zahir (Assistant Professor, BBS)  |e 44490 
650 7 |a Coming of Age. 
650 7 |a Identity (Psychology)  |v Fiction. 
650 7 |a Friendship  |x Fiction.  |9 12583 
650 7 |a Japanese fiction  |x Translations into English.  |9 58838 
650 7 |a FICTION / Fantasy / Contemporary.  |9 58673 
700 1 |a Gabriel, Philip,  |d 1953-  |e translator.  |9 58839 
852 |a Ayesha Abed Library  |c General Stacks 
942 |2 ddc  |c BK 
999 |c 47353  |d 47353 
952 |0 0  |1 0  |2 ddc  |4 0  |6 895_635000000000000_MUR  |7 0  |9 77903  |a BRACUL  |b BRACUL  |c NEW  |d 2025-07-23  |e Donated by Farhana Zahir (Assistant Professor, BBS.)  |l 2  |m 34  |o 895.635 MUR  |p 3010044490  |q 2026-05-21  |r 2026-04-07  |s 2026-04-07  |t 1  |w 2025-07-23  |y BK  |x Donated by Farhana Zahir, Assistant Professor, BBS, BRAC University ; €8.99